<?xml version="1.0" encoding="UTF-8"?>
<collection xmlns="http://www.loc.gov/MARC21/slim">
 <record>
  <leader>00522nab a2200145 i 4500</leader>
  <controlfield tag="001">delm65462</controlfield>
  <controlfield tag="005">20180927151326.0</controlfield>
  <controlfield tag="008">180927s1967    hu      o     0||   hun d</controlfield>
  <datafield tag="040" ind1=" " ind2=" ">
   <subfield code="a">SZTE Délmagyarország Archívum</subfield>
   <subfield code="b">hun</subfield>
  </datafield>
  <datafield tag="041" ind1=" " ind2=" ">
   <subfield code="a">hun</subfield>
  </datafield>
  <datafield tag="245" ind1="0" ind2="0">
   <subfield code="a">Belföldre és külföldre </subfield>
   <subfield code="h">[elektronikus dokumentum] :</subfield>
   <subfield code="b">a dobozkészítő Ktsz. &quot;bedolgozást&quot; is megvalósít</subfield>
  </datafield>
  <datafield tag="260" ind1=" " ind2=" ">
   <subfield code="c">1967-01-11</subfield>
  </datafield>
  <datafield tag="300" ind1=" " ind2=" ">
   <subfield code="a">5</subfield>
  </datafield>
  <datafield tag="490" ind1="0" ind2=" ">
   <subfield code="a">Délmagyarország</subfield>
   <subfield code="v">57 No. 9</subfield>
  </datafield>
  <datafield tag="695" ind1=" " ind2=" ">
   <subfield code="a">Papírfeldolgozó Ktsz., Dobozkészítés Szeged 1967, Könyvkötészet Szeged 1967</subfield>
  </datafield>
 </record>
</collection>
